<?xml version="1.0" encoding="utf-8"?>
<?xml-stylesheet type='text/xsl' href='./oai2.xsl'?>
<OAI-PMH xmlns="http://www.openarchives.org/OAI/2.0/" xmlns:xsi="http://www.w3.org/2001/XMLSchema-instance" xsi:schemaLocation="http://www.openarchives.org/OAI/2.0/ http://www.openarchives.org/OAI/2.0/OAI-PMH.xsd">
  <responseDate>2026-06-06T04:13:31Z</responseDate>
  <request verb="GetRecord" metadataPrefix="marcxml" identifier="record_kuniweb_2686777">https://kulturerbe.niedersachsen.de/oai</request>
  <GetRecord>
    <record>
      <header>
        <identifier>record_kuniweb_2686777</identifier>
        <datestamp>2026-03-31T19:09:18Z</datestamp>
        <setSpec>slg0175</setSpec>
      </header>
      <metadata>
        <marc:record xmlns:marc="http://www.loc.gov/MARC21/slim" xsi:schemaLocation="http://www.loc.gov/MARC21/slim http://www.loc.gov/standards/marcxml/schema/MARC21slim.xsd">
          <marc:leader>12345nkm  22     uu 4500</marc:leader>
          <marc:controlfield tag="001">2686777</marc:controlfield>
          <marc:controlfield tag="003">http://kuniweb.gbv.de</marc:controlfield>
          <marc:controlfield tag="005">2025-07-24T11:14:37</marc:controlfield>
          <marc:controlfield tag="008">|           ||||||||||||||||||||||</marc:controlfield>
          <marc:datafield tag="245" ind1="1" ind2="0">
            <marc:subfield code="a">Weimar: Goethes Ruhesitz</marc:subfield>
          </marc:datafield>
          <marc:datafield tag="720" ind1=" " ind2=" ">
            <marc:subfield code="a">Fotoatelier Louis Held (Weimar)</marc:subfield>
          </marc:datafield>
          <marc:datafield tag="655" ind1=" " ind2="7">
            <marc:subfield code="a">Fotografie</marc:subfield>
          </marc:datafield>
          <marc:datafield tag="046" ind1=" " ind2=" ">
            <marc:subfield code="k">1886</marc:subfield>
            <marc:subfield code="k">1886 (Fotografie datiert vom Fotografen innerhalb des Abzugs ("1886"); Datierung von Allmers' Hand auf dem Untersatzkarton (verso): "Septb. 19 87")</marc:subfield>
          </marc:datafield>
          <marc:datafield tag="260" ind1=" " ind2=" ">
            <marc:subfield code="g">1886</marc:subfield>
            <marc:subfield code="g">1886 (Fotografie datiert vom Fotografen innerhalb des Abzugs ("1886"); Datierung von Allmers' Hand auf dem Untersatzkarton (verso): "Septb. 19 87")</marc:subfield>
          </marc:datafield>
          <marc:datafield tag="300" ind1=" " ind2=" ">
            <marc:subfield code="a">Breite: 148 mm (Fotografie)
Höhe: 108 mm (Untersatzkarton)
Höhe: 101 mm (Fotografie)
Breite: 168 mm (Untersatzkarton)</marc:subfield>
          </marc:datafield>
          <marc:datafield tag="520" ind1=" " ind2=" ">
            <marc:subfield code="a">Fotoabzug im Kabinettformat nach einer Aufnahme von Louis Held, Weimar; Aufnahme zeigt Goethe's Ruhesitz im Garten am Park zu Weimar mit der an Frau von Stein gewidmeten Inschrift (gedruckter Text auf Papier verso auf den Untersatzkarton geleimt).
Fotografie datiert vom Fotografen innerhalb des Abzugs ("1886"); Datierung von Allmers' Hand auf dem Untersatzkarton (verso): "Septb. 19 87" (T. Mahler 06/2025)

Aufdruck:
"Louis Held, Weimar, 1886" u. re. (Bez. und Datierung des Fotografen innerhalb des Abzugs)

Aufkleber/Etikett:
"Hier gedachte still ein Liebender seiner Geliebten,/ Heiter sprach er zu mir: Werde Zeuge, Du Stein!/ Doch erhebe Dich nicht, Du hast noch viele Gesellen;/ Jedem Felsen der Flur, die mich, den Glücklichen, nährt,/ Jedem Baume des Waldes, um den ich wandernd mich schlinge,/ Ruf ich weihend und froh: Werde mir Denkmal des Glücks./ Dir allein verleih ich die Stimme, wie unter der Menge/ Einen die Muse sich wählt, freundlich die Lippen ihm küßt./ Goethe" verso mittig (bedruckter Ausschnitt, offenbar vom Hersteller auf den Untersatzkarton geleimt (verso) - Text entspricht der Inschrift auf der fotografierten Gedenktafel (innerhalb der Fotografie nicht lesbar))

Aufschrift:
"Weimar/ Septb. 19 87" verso u. re. (Datierung von Allmers' Hand in schwarzer Tinte auf dem Untersatzkarton (verso))</marc:subfield>
          </marc:datafield>
          <marc:datafield tag="650" ind1="1" ind2=" ">
            <marc:subfield code="a">Grafik, Fotografie &gt; Fotografie &gt; Fotoabzug</marc:subfield>
          </marc:datafield>
          <marc:datafield tag="773" ind1="0" ind2=" ">
            <marc:subfield code="t">Sammlung und Nachlass Hermann Allmers</marc:subfield>
          </marc:datafield>
          <marc:datafield tag="852" ind1=" " ind2=" ">
            <marc:subfield code="a">Archiv des Landkreises Cuxhaven</marc:subfield>
          </marc:datafield>
          <marc:datafield tag="852" ind1=" " ind2=" ">
            <marc:subfield code="a">Weimar</marc:subfield>
          </marc:datafield>
          <marc:datafield tag="" ind1=" " ind2=" ">
            <marc:subfield code="a">Sammlung und Nachlass Hermann Allmers sind Eigentum der Hermann-Allmers-Gesellschaft e. V. und werden in zwei Teilen an zwei Standorten verwahrt:
Die (museale) Sammlung, bestehend aus Mobiliar und Hausgerät, Tafelgemälden, kleineren und größeren Antiken, Gipsabgüssen, kunsthandwerklichen Objekten aus Keramik und Glas und einer kleinen Bibliothek, befindet sich im Allmers-Haus in Rechtenfleth.
Der literarische, grafische und fotografische "Nachlass Hermann Allmers" hingegen ist im Archiv des Landkreises Cuxhaven in Otterndorf deponiert.</marc:subfield>
          </marc:datafield>
          <marc:datafield tag="" ind1=" " ind2=" ">
            <marc:subfield code="a">Namensnennung - Nicht kommerziell - Keine Bearbeitungen 4.0 International (CC BY-NC-ND 4.0)</marc:subfield>
          </marc:datafield>
        </marc:record>
      </metadata>
    </record>
  </GetRecord>
</OAI-PMH>
